| 000 | 00454nam a22001577a 4500 | ||
|---|---|---|---|
| 999 |
_c524923 _d524923 |
||
| 003 | NUST | ||
| 038 | _aMr. Zahoor | ||
| 082 | _a621 | ||
| 100 |
_aSyed Hammad Nazeer Gilani _915724 |
||
| 245 |
_aSign Language Gesture Recognition / _cSyed Hammad Nazeer Gilani |
||
| 260 |
_aIslamabad : _bCEME - NUST, _c2014. |
||
| 300 |
_axiv, 79 p. : ill. ; _c30 cm. |
||
| 500 | _aHardcover. | ||
| 600 |
_aMechatronics Engineering - MS Thesis _915674 |
||
| 942 |
_2ddc _cTHE |
||